| 000 | 01395nam a22002057a 4500 | ||
|---|---|---|---|
| 008 | 120405t xxu||||| |||| 00| 0 eng d | ||
| 020 | _a9780071283199 | ||
| 050 | _aHD4901.M15 | ||
| 100 | _aMcConnell, Campbell R. | ||
| 245 |
_aContemporay labor economics. / _cCampbell R. McConnell, Stanley L. Brue and David A. Macpherson |
||
| 250 | _a8th ed. | ||
| 260 |
_aBoston: _bMcGraw Hill, _cc2008. |
||
| 300 |
_axiv, 625 p.: _bill.; _c23cm. |
||
| 500 | _aIncludes index. | ||
| 505 | _aContents: Labor economics: introduction and overview -- The Theory of individual labor supply -- Population, participation rates, and hours of work -- Labor quality: investing in human capital -- The Demand for labor -- Wage determination and the allocation of labor -- Alternative pay schemes and labor efficiency -- The Wage structure -- Mobility, migration, and efficiency -- Labor unions and collective bargaining -- The Economic impact of unions -- Government and the labor market: employment, expenditures, and taxation -- Government and the labor market: legislation and regulation -- Labor market discrimination -- Job search: external and internal -- The Distribution of personal earnings -- Labor productivity: wages, prices, and employment -- Employment and unemployment -- Appendix. | ||
| 650 | _bLabor economics. | ||
| 700 | _aBrue, Stanley L. | ||
| 700 | _aMacpherson, David A. | ||
| 942 |
_2lcc _cBK |
||
| 999 |
_c702 _d8202 |
||